zpět

Detail výsledku týmu

Café Hostel, České Budějovice

Datum a čas kvízu

31 Celkem bodů Celkový počet nahraných bodů na tomto kvízu bez doplňovacích otázek.
4. Pořadí na kvízu Konečné umístění týmu na tomto kvízu.

Zaznamenané odpovědi

# Otázka Odpověď Body Výsledky
1. Komu přišlo hodně troufalé, že... 1
2. Na výzkumné stanici na Antarkt... 1
3. Ve čtvrtek vstoupil do našich... 1
4. Rodící se největší pojišťovna... 0.5
5. Hřiště ve Wembley bylo při pon... 0
6. Pokud jste na titulní otázku o... 1
7. Americký herec Tobin Bell byl... 0
5. Filmová série Resident Evil je... 0
5. Příběh thrilleru s prvky horor... 1
10. Shaun je hospodský povaleč, co... 0